Los instrumentos de la gestión ambiental en la empresa /
Guardado en:
| Autor Principal: | |
|---|---|
| Otros Autores: | , |
| Formato: | Libro |
| Idioma: | Spanish |
| Publicado: |
Madrid :
Mundi-Prensa,
1997.
|
| Materias: | |
| Etiquetas: |
Agregar Etiqueta
Sin Etiquetas, Sea el primero en etiquetar este registro!
|
| LEADER | 00843nam a22002175a 4500 | ||
|---|---|---|---|
| 001 | EUN.eunm001093 | ||
| 005 | 20060914120737.0 | ||
| 008 | 060914s1997####sp#######b####000#0#spa#d | ||
| 020 | |a 8471146487 | ||
| 082 | 0 | 4 | |a 658.408 |2 21 |
| 100 | 1 | |a Conesa Fernández-Vítora, Vicente. | |
| 245 | 1 | 4 | |a Los instrumentos de la gestión ambiental en la empresa / |c Vicente Conesa Fernández-Vítora ; colaboradores, Vicente Conesa Ripoll, L. A. Conesa Ripoll. |
| 260 | |a Madrid : |b Mundi-Prensa, |c 1997. | ||
| 300 | |a 541 p. ; |c 24 cm. | ||
| 504 | |a Incluye referencias bibliográficas. | ||
| 650 | 7 | |a Administración de empresas. |2 unbist | |
| 650 | 7 | |a Aspectos ambientales. |2 unbist | |
| 650 | 7 | |a Evaluación del impacto ambiental. |2 unbist | |
| 700 | 1 | |a Conesa Ripoll, Vicente. | |
| 700 | 1 | |a Conesa Ripoll, L. A. | |
| 859 | |a AR-BaUNS |b PLAPIQUI |h 658.408 |i C758 |p 117181/006 | ||
